Pavement Song by Lyric - Statistics

General Stats
  • This quiz has been taken 77 times
  • The average score is 7 of 15
Answer Stats
Lyric Song % Correct
Out on tour with the Smashing Pumpkins, nature kids Range Life
86%
Glance, don't stare, soon you're being told to recognize your heirs Shady Lane
84%
Because you're empty and I'm empty, and you can never quarantine the past Gold Soundz
79%
It took a giant ramrod; to raze the demon settlement Stereo
60%
And I'm the only one who laughs; at your jokes when they are so bad Here
54%
Aloha means goodbye, and also hello; it's in how you inflect Blue Hawaiian
49%
So what does it mean, a mistake or two; if it's the kind of mistake no one can trace Zurich is Stained
44%
Can you treat it like an oil well; when it's underground, out of sight? In the Mouth a Desert
41%
As you sleep with electric guitars; range-rovin' with the cinema stars Elevate Me Later
38%
You kiss like a rock but you know I need it anyway Major Leagues
37%
Am I just a phantom waiting to be ripped around on shaded ground? Grave Architecture
35%
I need to sleep; I need to sleep; why won't you let me? Fillmore Jive
32%
Open call for a prison architect; send me your blueprints A.S.A.P. Fin
24%
Architecture students are like virgins with an itch they cannot scratch The Hexx
21%
I'm just a man, you see who I am; I'm binding my hooks and open the books Father to a Sister of a Thought
8%
No matching quizzes found
Score Distribution
Percent of People with Each Score
Percentile by Number Answered
Your Score History
You have not taken this quiz